00374nam a2200097Ia 4500245006700000100004700067942000700114008004100121999001900162952009500181 0aCatch me a killer : [serial murders: a profiler's true story]  a PISTORIUS, Micki Sandton, 2000 910683 cBK210817s9999 xx 000 0 und d c427606d427605 00104070aGRASLbGRASLd2021-08-23g49.00l0p33228021810427r2021-08-23w2021-08-23yBK